| 000 | 00980nam a22003137a 4500 | ||
|---|---|---|---|
| 003 | CHAP | ||
| 005 | 20220329134414.0 | ||
| 008 | 971013s1992 r 00010 d | ||
| 010 | _a20035 | ||
| 011 | _a21007 | ||
| 035 | _a25096 | ||
| 040 | _cCHAP | ||
| 082 |
_a025.2 _bC4 1992 |
||
| 110 |
_aCentro de Promoción del Libro Mexicano _921169 |
||
| 245 | _aCómo comprar libros y publicaciones periódicas de México | ||
| 250 | _a3 ed. | ||
| 260 |
_aMéxico, D.F. : _bCepromex, _c1992 |
||
| 300 | _a119 p. | ||
| 590 |
_aBATCH-UPD _b10 _c20130110 _lUCH01 _h2220 |
||
| 590 |
_aBATCH-UPD _b10 _c20130410 _lUCH01 _h1518 |
||
| 590 |
_aBATCH-UPD _b10 _c20130913 _lUCH01 _h1937 |
||
| 590 |
_aCONVERSION _b10 _c20130109 _lUCH01 _h1312 |
||
| 650 | 1 | 4 |
_aAdquisiciones (Bibliotecas) _9963 |
| 650 | 1 | 4 |
_aEditores y editoriales. _935377 |
| 650 | 1 | 4 |
_aPublicaciones periódicas mexicanas. _992728 |
| 901 | _aBK | ||
| 942 | _cLIBRO | ||
| 949 |
_a025.2 C4 1992 _bBC _cB _d-57809 _eB _h87155 _i25096 _si |
||
| 999 |
_c20035 _d20035 |
||